000
00404nam a22001697a 4500
003
MPLRDC
005
20220104114039.0
008
210129b ||||| |||| 00| 0 eng d
082
_a
802.81 FH
100
_a
不详
245
_a
详解三字经
_c
250
_a
第二版
260
_a
_b
风华出版事业公司
_c
1990
300
_b
平
650
_a
华文读本--三字经
942
_c
BK
_o
802.81 FH
999
_c
4392
_d
4382